Responses for Show #3812 - Tuesday, March 13, 2001

Contestants

[<< previous game]

Raj Choudhary, a customer care manager from Houston, Texas

Sean Barry, a writer and stay-at-home dad from Stanford, Connecticut

Siobhan Burke, a college student and tutor from Petaluma, California

[next game >>]

Jeopardy! Round responses

U.S. BODIES OF WATER
WE'RE NO. 1!
FILM FACTS
VISUALIZE THE VEEPS
BEHIND THE ZODIAC
SECOND LETTER "Y"
    $100 12
Minnesota

Triple Stumper
    $100 26
James Brown

Sean
    $100 1
Titanic

Sean
    $100 6
Dan Quayle

Sean
    $100 11
(Sean: Who are Castor & Pollux?)

Gemini

SeanRaj
    $100 16
Hydrant

Raj
    $200 13
Chesapeake Bay

Siobhan
    $200 27
Pole position

Raj
    $200 2
Forrest Gump

Siobhan
    $200 7
Nelson Rockefeller

Raj
    $200 14
Hercules

Raj
    $200 19
(Sean: Who are liars?)

Gypsies

SeanRaj
    $300 15
Puget Sound

Sean
    $300 28
Hardy Boys

Sean
    $500 3
Erin Brockovich

Siobhan
    $300 8
Hubert Humphrey

Raj
    $300 23
Libra (the scales)

Triple Stumper
    $300 20
Syllable

Raj
    $400 17
Missouri River

Raj
    $400 29
(Sean: Who is the first mate?)

Commander Riker

Sean
Triple Stumper
    $400 4
John Irving

Sean
    $400 9
Spiro Agnew

Raj
    $400 24
Sagittarius

Triple Stumper
    $400 21
Wyoming

Sean
    $500 18
Crater Lake

Sean
    $500 30
(Siobhan: What is Attorney General?)

Surgeon General

SiobhanSean
    $500 5
Jake La Motta (in "Raging Bull")

Sean
    $500 10
Calvin Coolidge

Sean
    $500 25
Taurus the bull

Sean
    $500 22
Pylon

Triple Stumper

Scores at the first commercial break (after clue 15):

Siobhan Sean Raj
$900 $1,800 $1,200

Scores at the end of the Jeopardy! Round:

Siobhan Sean Raj
$400 $3,500 $2,400

Double Jeopardy! Round responses

THE VIETNAM WAR
GRAMMY-WINNING FEMALE SINGERS
FOREIGN FASHION
BLACK & WHITE
"AND" READ
ALL OVER
    $200 2
Advisors

Triple Stumper
    $200 1
Tina Turner

Raj
    $200 26
Shoes

Sean
    $200 21
Zebra

Raj
    $200 12
War And Peace

Siobhan
    $200 7
Cats

Sean
    $400 3
Associated Press

Sean
    $400 13
(Siobhan: Who is Chaka Khan?)
(R: Who is Carly Simon?)

Helen Reddy

SiobhanRaj
Triple Stumper
    $400 27
(Sean: What is a coat?)

Shirt (off his back)

SiobhanSean
    $400 22
(Sean: What is a killer whale?)

Skunk

Sean
Triple Stumper
    $400 14
Jack And Jill

Siobhan
    $400 8
(Sean: Who are the Montreal Canadiens?)

Los Angeles Kings

SeanRaj
    $600 4
Huey

Sean
    $600 18
Sarah McLachlan

Raj
    $600 28
Berets

Raj
    $600 23
Dalmatian

Raj
    $1,000 15
(Siobhan: What is "X And Y?")

Fathers And Sons

Siobhan
    $600 9
Another World

Triple Stumper
    $800 5
Surface-to-Air Missiles

Raj
    $800 19
Whitney Houston

Siobhan
    $800 29
Slip

Siobhan
    $800 24
(with a minute to go...)

Penguins

Raj
    $800 16
North And South

Triple Stumper
    $800 10
Ming Dynasty

Sean
    $1000 6
Hue

Raj
    $1000 20
Peggy Lee

Triple Stumper
    $1000 30
Money belt

Sean
    $1000 25
Narwhals

Sean
    $1000 17
Juno And The Paycock

Triple Stumper
    $1000 11
Franz Schubert

Triple Stumper

Scores at the end of the Double Jeopardy! Round:

Siobhan Sean Raj
$1,600 $6,500 $7,200

[wagering suggestions for these scores]

Final Jeopardy! Round responses

WORLD CAPITALS
SiobhanWhat is Washington, D.C.?
$1,500
SeanWhat is New Delhi
$6,500
RajWhat is New Delhi
$5,800
Brasilia, Brazil

Final scores:

Siobhan Sean Raj
$100 $0 $1,400
2nd place: a trip to Sydney, Australia 3rd place: a Bikeshop.com gift certificate New champion: $1,400

Game dynamics:

Coryat scores:

Siobhan Sean Raj
$2,400 $6,500 $7,200
8 R
(including 1 DD),
3 W
(including 1 DD)
19 R,
6 W
19 R
(including 1 DD),
1 W

Combined Coryat: $16,100

[game clues] [game scores] [suggest correction]

Game tape date: 2000-12-05
The J! Archive is created by fans, for fans. Scraping, republication, monetization, and malicious use prohibited; this site may use cookies and collect identifying information. See terms. The Jeopardy! game show and all elements thereof, including but not limited to copyright and trademark thereto, are the property of Jeopardy Productions, Inc. and are protected under law. This website is not affiliated with, sponsored by, or operated by Jeopardy Productions, Inc. Join the discussion at JBoard.tv.